Michelangelo: sculpture; (Record no. 10015)
[ view plain ]
| 000 -LEADER | |
|---|---|
| fixed length control field | 01136cam a2200325 4500 |
| 001 - CONTROL NUMBER | |
| JCCL Control Number | 10015 |
| 003 - CONTROL NUMBER IDENTIFIER | |
| JCCL marc code | BD-JhCC |
| 005 - DATE AND TIME OF LATEST TRANSACTION | |
| control field | 20180404121039.0 |
| 008 - FIXED-LENGTH DATA ELEMENTS--GENERAL INFORMATION | |
| fixed length control field | 180404s1968 nyuaf b 000 0beng |
| 035 ## - SYSTEM CONTROL NUMBER | |
| system control number | (BD-JhCC)10015 |
| 040 ## - CATALOGING SOURCE | |
| Original cataloging agency | DLC |
| Transcribing agency | DLC |
| Modifying agency | DLC |
| -- | BD-JhCC |
| 041 1# - LANGUAGE CODE | |
| Language code of Book | engita |
| 050 10 - LIBRARY OF CONGRESS CALL NUMBER | |
| Classification number | NB623.B9 |
| Item number | P283 1968 |
| 082 00 - DEWEY DECIMAL CLASSIFICATION NUMBER | |
| Classification number | 730/.92/4 |
| Author mark and Year | PAR 1968 |
| 100 1# - MAIN ENTRY--PERSONAL NAME | |
| Personal name | Parronchi, Alessandro. |
| 240 10 - UNIFORM TITLE | |
| Uniform title | Michelangelo scultore. |
| 245 10 - TITLE STATEMENT | |
| Title | Michelangelo: sculpture; |
| Remainder of title | [the life and work of the artist / |
| Statement of responsibility, etc | illustrated with 80 full-color plates. Translated from the Italian by Pearl Sanders and Caroline Beamish. |
| 250 ## - EDITION STATEMENT | |
| Edition statement | 1st American ed.] |
| 260 ## - PUBLICATION, DISTRIBUTION, ETC. (IMPRINT) | |
| Place of publication, distribution, etc | New York, |
| Name of publisher, distributor, etc | Grosset & Dunlap, |
| Date of publication, distribution, etc | [c1968]. |
| 300 ## - PHYSICAL DESCRIPTION | |
| Pagination | 78 p. |
| Other physical details | illus., col. plates. |
| Dimensions | 18 cm. |
| 490 0# - SERIES STATEMENT | |
| Series statement | The New Grosset art library, 30 |
| 500 ## - GENERAL NOTE | |
| General note | Cover title: Michelangelo: the sculptor. |
| 500 ## - GENERAL NOTE | |
| General note | Translation of Michelangelo scultore. |
| 504 ## - BIBLIOGRAPHY, ETC. NOTE | |
| Bibliography, etc | Bibliography: p. 28. |
| 600 00 - SUBJECT ADDED ENTRY--PERSONAL NAME | |
| Personal name | Michelangelo Buonarroti, |
| Dates associated with a name | 1475-1564. |
| 700 0# - ADDED ENTRY--PERSONAL NAME | |
| Personal name | Michelangelo Buonarroti, |
| Dates associated with a name | 1475-1564. |
| 740 ## - | |
| Uncontrolled related/analytical title | Michelangelo: the sculptor. |
| 942 ## - ADDED ENTRY ELEMENTS (KOHA) | |
| Source of classification or shelving scheme | Dewey Decimal Classification |
| Koha item type | Reference |
| Source of classification or shelving scheme | Damaged status | Not for loan | Home library | Current library | Shelving location | Date of accession | Total Checkouts | Full call number | Barcode | Date last seen | Copy number | Koha item type |
|---|---|---|---|---|---|---|---|---|---|---|---|---|
| Dewey Decimal Classification | Not For Loan | JCC Rouf Library | JCC Rouf Library | General Stacks | 04/04/2018 | 730/.92/4 PAR 1968 | 12812 | 04/04/2018 | C-1 | Reference |